[Event "DEM U12/U12w 2000"]
[Site "Überlingen GER"]
[Date "2000.06.09"]
[Round "9"]
[White "Boss, Igor"]
[Black "Lieder, Konrad"]
[Result "0-1"]
[Termination "normal"]
[Board "7"]
[WhiteElo "1540"]
[BlackElo "1323"]
[PlyCount "141"]
[BlackFideId "4692721"]
[EventCountry "GER"]
[EventRounds "11"]
[EventType "swiss"]
[EventDate "2000.06.03"]

1. d4 d5 2. c4 e6 3. Nf3 Nf6 4. Bg5 Be7 5. Nc3 Nbd7 6. e3 c6 7. Bd3 h6 8. Bh4
O-O 9. O-O Re8 10. h3 dxc4 11. Bxc4 Nd5 12. Bxe7 Qxe7 13. a3 N7b6 14. Bd3 Nd7
15. Rc1 e5 16. Nxd5 cxd5 17. dxe5 Nxe5 18. Be2 Rd8 19. Qb3 b6 20. Nd4 Qg5 21.
Kh1 Ng6 22. Nf3 Qf6 23. Qc3 Qe7 24. Qc7 Rd7 25. Qc3 Rd8 26. Qc6 Bd7 27. Qc3
Rac8 28. Qd4 Be6 29. Ne5 Nxe5 30. Qxe5 Qh4 31. Qg3 Qf6 32. Rc7 Qxb2 33. Ba6
Rxc7 34. Qxc7 Rd7 35. Qb8+ Kh7 36. Bc8 Rd8 37. Qxa7 Rxc8 38. Kh2 b5 39. Qa6 Rc3
40. a4 b4 41. Qb5 b3 42. a5 Qa2 43. a6 b2 44. a7 Ra3 45. a8=Q Rxa8 46. e4 dxe4
47. Qb4 Ra4 48. Qb5 Rc4 49. Qb7 Rc1 50. Qxe4+ g6 51. Qe2 Rxf1 52. Qxf1 b1=Q 53.
Qxb1 Qxb1 54. Kg3 Qg1 55. f3 g5 56. f4 gxf4+ 57. Kxf4 Qf2+ 58. Ke5 Bxh3 59.
gxh3 Kg6 60. Ke4 f5+ 61. Ke5 Qe3+ 62. Kd5 Qe4+ 63. Kd6 Kf6 64. h4 Qe5+ 65. Kc6
Qd4 66. h5 Ke6 67. Kb5 Qc3 68. Kb6 Kd7 69. Ka7 Qb4 70. Ka8 Kc7 71. Ka7 0-1

[Event "DEM U12/U12w 2000"]
[Site "Überlingen GER"]
[Date "2000.06.09"]
[Round "9"]
[White "Abel, Dennes"]
[Black "Babczyk, Adrian"]
[Result "1-0"]
[Termination "normal"]
[Board "8"]
[WhiteElo "1348"]
[BlackElo "1407"]
[PlyCount "91"]
[WhiteFideId "24605417"]
[BlackFideId "24608700"]
[EventCountry "GER"]
[EventRounds "11"]
[EventType "swiss"]
[EventDate "2000.06.03"]

1. d4 d5 2. c4 c6 3. Nc3 Nf6 4. e3 e6 5. Nf3 Nbd7 6. Bd3 dxc4 7. Bxc4 b5 8. Bd3
Bb7 9. O-O a6 10. e4 b4 11. Na4 Be7 12. Bg5 O-O 13. e5 Nd5 14. Bxe7 Qxe7 15.
Rc1 Rfc8 16. Bb1 N5b6 17. Nc5 Nxc5 18. dxc5 Nd7 19. Qc2 g6 20. Rfd1 Rd8 21. Rd6
Nf8 22. Rcd1 Rd7 23. R1d4 a5 24. Qd2 Rad8 25. Ng5 f6 26. exf6 Qxf6 27. Ne4 Qg7
28. Rxd7 Rxd7 29. Rxd7 Nxd7 30. Qxd7 Qxb2 31. Qxe6+ Kg7 32. Qe7+ Kh6 33. Qf8+
Qg7 34. Qxg7+ Kxg7 35. Nd6 Ba6 36. f4 Be2 37. Bc2 Kf6 38. Kf2 Bb5 39. Ke3 Ke6
40. Nxb5 cxb5 41. Kd4 a4 42. g4 a3 43. Bb3+ Kf6 44. c6 Ke7 45. Kc5 Kd8 46. Kd6
1-0

[Event "DEM U12/U12w 2000"]
[Site "Überlingen GER"]
[Date "2000.06.09"]
[Round "9"]
[White "Ritscher, Martin"]
[Black "Bäumler, Ilja"]
[Result "0-1"]
[Termination "normal"]
[Board "10"]
[WhiteElo "1098"]
[BlackElo "1687"]
[PlyCount "62"]
[BlackFideId "4681070"]
[EventCountry "GER"]
[EventRounds "11"]
[EventType "swiss"]
[EventDate "2000.06.03"]

1. e4 e6 2. d4 d5 3. exd5 exd5 4. Bd3 Be6 5. Nf3 Bd6 6. Bg5 f6 7. Be3 Nc6 8. c3
Qd7 9. Qc2 g6 10. Nbd2 Nge7 11. O-O-O a6 12. Rde1 Na5 13. Bh6 Rg8 14. Be3 b5
15. Re2 Nc4 16. Rhe1 Nxe3 17. Rxe3 Bf7 18. h3 c5 19. dxc5 Bxc5 20. R3e2 Kf8 21.
Nb3 Bd6 22. Nfd4 Kg7 23. Kb1 Rgc8 24. Ne6+ Bxe6 25. Rxe6 b4 26. Qe2 Ra7 27. Qg4
bxc3 28. Bxa6 Rcc7 29. Bb5 Qxb5 30. Rxd6 Qd3+ 31. Ka1 cxb2+ 0-1

[Event "DEM U12/U12w 2000"]
[Site "Überlingen GER"]
[Date "2000.06.09"]
[Round "9"]
[White "Christiansen, Claes"]
[Black "Blome, Thomas"]
[Result "1/2-1/2"]
[Termination "normal"]
[Board "11"]
[WhiteElo "1248"]
[BlackElo "1465"]
[PlyCount "38"]
[EventCountry "GER"]
[EventRounds "11"]
[EventType "swiss"]
[EventDate "2000.06.03"]

1. e4 c5 2. Nc3 Nc6 3. d3 d6 4. g3 g6 5. Bg2 Bg7 6. f4 e6 7. Nf3 Nge7 8. O-O
O-O 9. Be3 Nd4 10. Qd2 Qa5 11. Kh1 Bd7 12. Nxd4 cxd4 13. Nd1 Qxd2 14. Bxd2 a5
15. e5 dxe5 16. fxe5 Bc6 17. Re1 Bxg2+ 18. Kxg2 Nd5 19. a3 Rfc8 1/2-1/2

[Event "DEM U12/U12w 2000"]
[Site "Überlingen GER"]
[Date "2000.06.09"]
[Round "9"]
[White "Horstmann, Sven"]
[Black "Fervers, Lukas"]
[Result "1/2-1/2"]
[Termination "normal"]
[Board "12"]
[WhiteElo "1252"]
[BlackElo "1359"]
[PlyCount "58"]
[EventCountry "GER"]
[EventRounds "11"]
[EventType "swiss"]
[EventDate "2000.06.03"]

1. e4 c5 2. Nc3 e6 3. g3 d6 4. Bg2 Nc6 5. d3 a6 6. f4 Nf6 7. Nf3 Be7 8. O-O d5
9. exd5 exd5 10. Ne5 O-O 11. Ne2 Nxe5 12. fxe5 Ne8 13. Nf4 Nc7 14. Qf3 Be6 15.
Bd2 b6 16. Qe2 Ra7 17. Bf3 Nb5 18. c3 Rd7 19. Bg4 Nc7 20. Bxe6 Nxe6 21. Qg4
Nxf4 22. Bxf4 Kh8 23. h4 b5 24. h5 d4 25. e6 fxe6 26. h6 Bf6 27. Qxe6 dxc3 28.
hxg7+ Kxg7 29. bxc3 Rxd3 1/2-1/2

[Event "DEM U12/U12w 2000"]
[Site "Überlingen GER"]
[Date "2000.06.09"]
[Round "9"]
[White "Reiske, Anne"]
[Black "Rathke, Jens"]
[Result "1-0"]
[Termination "normal"]
[Board "13"]
[WhiteElo "1337"]
[BlackElo "1257"]
[PlyCount "79"]
[WhiteFideId "24635472"]
[EventCountry "GER"]
[EventRounds "11"]
[EventType "swiss"]
[EventDate "2000.06.03"]

1. d4 d5 2. c4 e6 3. Nc3 Nf6 4. Bg5 Nbd7 5. cxd5 exd5 6. e3 c6 7. Nf3 Bb4 8. a3
Ba5 9. Bd3 Bxc3+ 10. bxc3 Qa5 11. Qc2 O-O 12. O-O Re8 13. Rfc1 b5 14. a4 Qb6
15. axb5 cxb5 16. Rcb1 a6 17. Bxb5 Qd6 18. Bxf6 Qxf6 19. Bd3 Nf8 20. Ra3 Rd8
21. e4 dxe4 22. Bxe4 Ra7 23. Ne5 Bd7 24. Qd3 Kh8 25. Rba1 Ng6 26. Bxg6 fxg6 27.
Nxd7 Raxd7 28. Rxa6 Qf7 29. Ra8 Qe8 30. Rxd8 Rxd8 31. Rd1 Ra8 32. h3 Qf8 33. d5
Ra2 34. Rf1 Kg8 35. d6 Ra8 36. c4 Rd8 37. c5 Qf6 38. Rd1 h6 39. c6 Kh7 40. c7
1-0

[Event "DEM U12/U12w 2000"]
[Site "Überlingen GER"]
[Date "2000.06.09"]
[Round "9"]
[White "Colloseus, Christian"]
[Black "Grimberg, Boris"]
[Result "0-1"]
[Termination "normal"]
[Board "14"]
[WhiteElo "1231"]
[BlackElo "1278"]
[PlyCount "54"]
[BlackFideId "4697499"]
[EventCountry "GER"]
[EventRounds "11"]
[EventType "swiss"]
[EventDate "2000.06.03"]

1. e4 e6 2. d4 d5 3. exd5 exd5 4. Bd3 Nc6 5. c3 h6 6. h3 Nf6 7. Be3 Bd6 8. Nf3
O-O 9. Nbd2 b6 10. O-O Bb7 11. Qc2 Re8 12. Rfe1 Qd7 13. Rad1 Nd8 14. Bf5 Qb5
15. Nb3 c5 16. dxc5 bxc5 17. Bc1 Nc6 18. Rxe8+ Rxe8 19. Re1 Ne5 20. Nxe5 Bxe5
21. f4 Bd4+ 22. Nxd4 Rxe1+ 23. Kf2 Qf1+ 24. Kg3 Rxc1 25. Qb3 Nh5+ 26. Kh4 Qxf4+
27. Kxh5 Qg5# 0-1

[Event "DEM U12/U12w 2000"]
[Site "Überlingen GER"]
[Date "2000.06.09"]
[Round "9"]
[White "Aghadjanian, Aida"]
[Black "Hofmann, Annett"]
[Result "0-1"]
[Termination "normal"]
[Board "15"]
[WhiteElo "1039"]
[BlackElo "1326"]
[PlyCount "160"]
[BlackFideId "24603759"]
[EventCountry "GER"]
[EventRounds "11"]
[EventType "swiss"]
[EventDate "2000.06.03"]

1. c4 e5 2. Nc3 Nf6 3. g3 d5 4. cxd5 Nxd5 5. Bg2 Be6 6. a3 c6 7. Nf3 Nd7 8. d4
exd4 9. Nxd4 Nxc3 10. bxc3 Bc4 11. O-O Be7 12. Qc2 O-O 13. Rd1 Bc5 14. Bb2 Qb6
15. e3 Ne5 16. Rab1 Qa6 17. Bc1 Bd3 18. Rxd3 Qxd3 19. Qb3 Bb6 20. a4 Qc4 21.
Qc2 Rad8 22. Bf1 Qd5 23. Bg2 Qd7 24. Ba3 Rfe8 25. Nf5 Qd3 26. Qxd3 Rxd3 27. Rc1
Red8 28. Nd6 R8xd6 29. Bxd6 Rxd6 30. Kf1 Nc4 31. Ke1 Nb2 32. Ra1 Ba5 33. Rb1
Bxc3+ 34. Ke2 Rd7 35. Kf3 Nxa4 36. Rc1 b5 37. Rb1 a5 38. Bh3 Rd6 39. Bf5 Rf6
40. Kg4 h5+ 41. Kg5 g6 42. Bc2 Nc5 43. Rc1 Rd6 44. Bb1 Rd5+ 45. Kh4 Bf6+ 46.
Kh3 b4 47. Ba2 b3 48. Bb1 b2 49. Rf1 Rd2 50. Kg2 Nd3 51. Kf3 c5 52. e4 Bg5 53.
h4 Ne5+ 54. Kg2 Bf6 55. Kg1 Nc4 56. Re1 Na3 57. Ba2 Rc2 58. Kg2 Rc1 59. Re3
b1=Q 60. Bxb1 Nxb1 61. e5 Be7 62. e6 fxe6 63. Rxe6 Kf7 64. Ra6 Bd8 65. Ra7+ Ke6
66. Ra6+ Kf5 67. Ra7 c4 68. Rf7+ Bf6 69. Ra7 Bc3 70. Rc7 Nd2 71. Rc5+ Ke6 72.
Rc6+ Kf7 73. Rc7+ Kg8 74. Rc8+ Kh7 75. Rc7+ Bg7 76. Ra7 Nb3 77. Kf3 c3 78. Ke3
Rd1 79. Rc7 a4 80. Rb7 c2 0-1

[Event "DEM U12/U12w 2000"]
[Site "Überlingen GER"]
[Date "2000.06.09"]
[Round "9"]
[White "Becker, Nils"]
[Black "Feuerstack, Aljoscha"]
[Result "0-1"]
[Termination "normal"]
[Board "16"]
[WhiteElo "1178"]
[BlackElo "1543"]
[PlyCount "114"]
[WhiteFideId "4695216"]
[BlackFideId "4681932"]
[EventCountry "GER"]
[EventRounds "11"]
[EventType "swiss"]
[EventDate "2000.06.03"]

1. e4 c5 2. Nf3 e6 3. d4 cxd4 4. Nxd4 a6 5. Bd3 Nf6 6. c4 Be7 7. O-O d6 8. Nc3
O-O 9. Kh1 Nc6 10. Nxc6 bxc6 11. f4 e5 12. f5 Bb7 13. Qf3 d5 14. Rd1 d4 15. Ne2
c5 16. Ng3 a5 17. Bg5 Ne8 18. Bxe7 Qxe7 19. Rf1 Nd6 20. Nh5 f6 21. Qg4 Kh8 22.
Rf3 Qf7 23. Rc1 Nxe4 24. Bxe4 Bxe4 25. Qxe4 Qxh5 26. Qd5 Rac8 27. Qe4 Qf7 28.
Ra3 Qc7 29. Rf1 Qb6 30. Rb3 Qa6 31. Rc1 Rb8 32. Rxb8 Rxb8 33. Qd5 Rc8 34. Kg1
Qc6 35. Kf2 Qxd5 36. cxd5 Kg8 37. Ke2 Kf8 38. Kd3 Ke7 39. Rc4 Kd6 40. Ke4 Rb8
41. Rc2 Rb4 42. b3 a4 43. Rc4 axb3 44. Rxb4 cxb4 45. axb3 h6 46. g4 Kc5 47. h4
Kd6 48. Kd3 Kxd5 49. Ke2 e4 50. Kd2 e3+ 51. Kd3 Ke5 52. Ke2 Ke4 53. Kd1 d3 54.
Ke1 d2+ 55. Ke2 Kd4 56. Kd1 Kd3 57. g5 e2# 0-1

[Event "DEM U12/U12w 2000"]
[Site "Überlingen GER"]
[Date "2000.06.09"]
[Round "9"]
[White "Köhn, Kai-Uwe"]
[Black "von der Ahe, Florian"]
[Result "1/2-1/2"]
[Termination "normal"]
[Board "17"]
[WhiteElo "1389"]
[BlackElo "1132"]
[PlyCount "53"]
[BlackFideId "12970506"]
[EventCountry "GER"]
[EventRounds "11"]
[EventType "swiss"]
[EventDate "2000.06.03"]

1. d4 Nf6 2. c4 g6 3. Nc3 Bg7 4. e4 d6 5. f3 O-O 6. Be3 e5 7. d5 c6 8. Bd3 Qe7
9. Nge2 Nbd7 10. O-O c5 11. Rb1 b6 12. a3 a5 13. b4 axb4 14. axb4 h5 15. bxc5
bxc5 16. Nb5 Ba6 17. Nec3 Nb6 18. Ra1 Bxb5 19. Nxb5 Rxa1 20. Qxa1 Ra8 21. Qc3
Re8 22. Ra1 Nfd7 23. Ra7 f5 24. Nc7 Rb8 25. Ne6 f4 26. Bf2 Ra8 27. Qa5 1/2-1/2

[Event "DEM U12/U12w 2000"]
[Site "Überlingen GER"]
[Date "2000.06.09"]
[Round "9"]
[White "Henneberg, Olga"]
[Black "Becker, Erik"]
[Result "1/2-1/2"]
[Termination "normal"]
[Board "18"]
[WhiteElo "1273"]
[BlackElo "1068"]
[PlyCount "145"]
[BlackFideId "4696921"]
[EventCountry "GER"]
[EventRounds "11"]
[EventType "swiss"]
[EventDate "2000.06.03"]

1. c4 e5 2. Nc3 Nf6 3. g3 Nc6 4. Nf3 d5 5. cxd5 Nxd5 6. d3 Be6 7. Bg2 Bb4 8.
Bd2 O-O 9. O-O Re8 10. a3 Bxc3 11. bxc3 f5 12. c4 Nf6 13. Bc3 Nd7 14. Rb1 Rb8
15. Rb3 Qe7 16. Bb4 Nxb4 17. axb4 f4 18. Qa1 Bf7 19. b5 Qc5 20. Kh1 h6 21. Ra3
fxg3 22. fxg3 Ra8 23. Nd2 Qb6 24. Qa2 Nc5 25. Ra1 a6 26. Ne4 Nxe4 27. Bxe4 Ra7
28. bxa6 bxa6 29. Rxa6 Rxa6 30. Qxa6 Qxa6 31. Rxa6 Bh5 32. e3 Rd8 33. Ra2 Bg4
34. Kg2 Kf7 35. Rf2+ Ke7 36. Bd5 Rf8 37. Rb2 Rc8 38. Bf3 Bf5 39. Rd2 Rd8 40. d4
exd4 41. exd4 Rd6 42. Re2+ Kf6 43. Rd2 c5 44. d5 g5 45. Rf2 Ke5 46. Rd2 g4 47.
Be2 h5 48. Kf2 Bg6 49. Ke3 Bf5 50. Bd3 Bxd3 51. Rxd3 Kf5 52. Rd2 Ke5 53. Rf2
Rb6 54. Rf7 Kd6 55. Kf4 Rb8 56. Rf6+ Kd7 57. Kg5 Rg8+ 58. Kf5 Rh8 59. Re6 Rf8+
60. Ke5 Rf2 61. Rd6+ Ke7 62. Rc6 Rxh2 63. d6+ Kd8 64. Kd5 Rg2 65. Rc7 Rxg3 66.
Kc6 Rf3 67. Rd7+ Ke8 68. Kc7 g3 69. Re7+ Kf8 70. d7 Rd3 71. d8=Q+ Rxd8 72. Kxd8
h4 73. Re3 1/2-1/2

[Event "DEM U12/U12w 2000"]
[Site "Überlingen GER"]
[Date "2000.06.09"]
[Round "9"]
[White "Nolting, Christoph"]
[Black "Lubbe, Alexander"]
[Result "0-1"]
[Termination "normal"]
[Board "19"]
[WhiteElo "1251"]
[BlackElo "1072"]
[PlyCount "76"]
[EventCountry "GER"]
[EventRounds "11"]
[EventType "swiss"]
[EventDate "2000.06.03"]

1. Nf3 Nf6 2. d4 c5 3. e3 g6 4. Bd2 b6 5. Bd3 Bg7 6. dxc5 bxc5 7. Nc3 O-O 8.
O-O d6 9. Re1 Bb7 10. a3 Qc7 11. Bc4 Ne4 12. Nd5 Qd7 13. Rb1 e6 14. Nc3 Nxc3
15. Bxc3 Bxc3 16. bxc3 Nc6 17. Rb2 Rab8 18. Qe2 d5 19. Bb5 a6 20. Ba4 c4 21.
Reb1 Qc7 22. Bxc6 Bxc6 23. Nd4 Bd7 24. e4 Rxb2 25. Rxb2 Qa5 26. exd5 Qxc3 27.
Rb7 Qxd4 28. Rxd7 exd5 29. Rd6 Kg7 30. Rxa6 Re8 31. Qf1 Qc3 32. g3 Re1 33. a4
Rxf1+ 34. Kxf1 Qxc2 35. a5 c3 36. Ra8 Qd3+ 37. Kg2 d4 38. a6 Qe4+ 0-1

[Event "DEM U12/U12w 2000"]
[Site "Überlingen GER"]
[Date "2000.06.09"]
[Round "9"]
[White "Lörincz, Benjamin"]
[Black "Bayer, Marius"]
[Result "1/2-1/2"]
[Termination "normal"]
[Board "20"]
[WhiteElo "1137"]
[BlackElo "1234"]
[PlyCount "61"]
[EventCountry "GER"]
[EventRounds "11"]
[EventType "swiss"]
[EventDate "2000.06.03"]

1. Nf3 d6 2. d4 Bg4 3. e4 Nd7 4. c4 c5 5. d5 g6 6. Bd3 Bg7 7. O-O Ne5 8. Be2
Bxf3 9. gxf3 Nf6 10. Nd2 Nh5 11. Nb3 Nd7 12. Rb1 Qc8 13. Bg5 Nb6 14. f4 h6 15.
Bxh5 hxg5 16. Bg4 f5 17. exf5 gxf5 18. Bh5+ Kd8 19. fxg5 Nxc4 20. Bf7 Kc7 21.
Re1 Qf8 22. Qe2 Be5 23. f4 Qxf7 24. Qxc4 Bg7 25. Rbc1 a6 26. Nxc5 Kb8 27. Nxa6+
Rxa6 28. Qc7+ Ka7 29. Rxe7 Qxd5 30. Rxg7 Qd4+ 31. Kh1 1/2-1/2

[Event "DEM U12/U12w 2000"]
[Site "Überlingen GER"]
[Date "2000.06.09"]
[Round "9"]
[White "Klaiber, Markus"]
[Black "Scholtes, Benedikt"]
[Result "1-0"]
[Termination "normal"]
[Board "21"]
[WhiteElo "1078"]
[BlackElo "1223"]
[PlyCount "103"]
[BlackFideId "24675423"]
[EventCountry "GER"]
[EventRounds "11"]
[EventType "swiss"]
[EventDate "2000.06.03"]

1. e4 e5 2. Nf3 Nc6 3. Bb5 d6 4. d4 Bg4 5. d5 a6 6. dxc6 axb5 7. Qd5 bxc6 8.
Qxc6+ Bd7 9. Qc3 Nf6 10. Qd3 g6 11. Nc3 Rb8 12. Bg5 Bg7 13. Nd5 h6 14. Nxf6+
Bxf6 15. Bxf6 Qxf6 16. O-O-O O-O 17. Qc3 Rb7 18. Nxe5 Qxe5 19. Qxe5 dxe5 20.
Rxd7 Ra8 21. Kb1 Ra4 22. f3 Rba7 23. a3 b4 24. Ka2 bxa3 25. b3 R4a6 26. Rd5 Rd6
27. Rxd6 cxd6 28. Rd1 Ra6 29. Rd3 Kf8 30. b4 Ke7 31. Rxa3 Rxa3+ 32. Kxa3 Kd7
33. c4 Kc6 34. Ka4 Kb6 35. g4 f6 36. b5 g5 37. h3 Kb7 38. Ka5 Ka7 39. b6+ Ka8
40. Ka6 Kb8 41. b7 Kc7 42. Ka7 Kc6 43. b8=Q Kc5 44. Qb5+ Kd4 45. Qd5+ Ke3 46.
Qxd6 Kxf3 47. Qxf6+ Kxe4 48. Qxh6 Kd4 49. Qxg5 Kxc4 50. Qxe5 Kb3 51. Qc5 Ka4
52. Qb6 1-0

[Event "DEM U12/U12w 2000"]
[Site "Überlingen GER"]
[Date "2000.06.09"]
[Round "9"]
[White "Ollenberger, Roland"]
[Black "Schneider, Christian"]
[Result "1-0"]
[Termination "normal"]
[Board "22"]
[WhiteElo "1457"]
[BlackElo "1028"]
[PlyCount "83"]
[WhiteFideId "24608440"]
[BlackFideId "24613886"]
[EventCountry "GER"]
[EventRounds "11"]
[EventType "swiss"]
[EventDate "2000.06.03"]

1. e4 c6 2. d4 d5 3. Nc3 dxe4 4. Nxe4 Nd7 5. Bc4 e6 6. Nf3 Ngf6 7. Bg5 Be7 8.
Bxf6 Nxf6 9. Nxf6+ Bxf6 10. O-O O-O 11. c3 Qc7 12. Bd3 b6 13. Qc2 h6 14. Nd2
Bb7 15. Ne4 Be7 16. Ng3 c5 17. dxc5 Bxc5 18. Qe2 Rad8 19. Rad1 a5 20. Kh1 Rfe8
21. Qg4 Qe5 22. f4 f5 23. fxe5 fxg4 24. Be2 Rxd1 25. Bxd1 Bd5 26. b3 Rf8 27.
Rxf8+ Kxf8 28. Bxg4 Kf7 29. c4 Bc6 30. Ne2 Be3 31. h3 Bf2 32. Kh2 g6 33. Nf4
Bd7 34. Bf3 b5 35. Be2 Bd4 36. cxb5 Bxe5 37. g3 Bxf4 38. gxf4 Kf6 39. b6 Bc8
40. Kg3 e5 41. fxe5+ Kxe5 42. Bf3 1-0

[Event "DEM U12/U12w 2000"]
[Site "Überlingen GER"]
[Date "2000.06.09"]
[Round "9"]
[White "Elstner, Eik"]
[Black "Cara, Bogdan"]
[Result "1/2-1/2"]
[Termination "normal"]
[Board "23"]
[WhiteElo "1027"]
[BlackElo "1376"]
[PlyCount "80"]
[WhiteFideId "24605581"]
[EventCountry "GER"]
[EventRounds "11"]
[EventType "swiss"]
[EventDate "2000.06.03"]

1. e4 e6 2. d4 d5 3. Nc3 Nf6 4. e5 Nfd7 5. Nf3 c5 6. Be3 Nc6 7. Bb5 Qb6 8. Bxc6
bxc6 9. Rb1 cxd4 10. Nxd4 c5 11. Nf3 d4 12. Na4 Qa5+ 13. c3 dxe3 14. fxe3 Bb7
15. O-O Bxf3 16. Qxf3 Rc8 17. Qxf7+ Kd8 18. b3 Rc6 19. Rbd1 Qc7 20. Rd2 Kc8 21.
Rfd1 Be7 22. Rxd7 Qxd7 23. Rxd7 Kxd7 24. Qxg7 Rf8 25. Qxh7 Rf5 26. Qg7 Rg5 27.
Qh7 Rxe5 28. Qg7 Rd5 29. h3 Rd1+ 30. Kh2 Kd8 31. h4 Rc7 32. Qg4 Bd6+ 33. g3
Rd2+ 34. Kg1 Rf7 35. h5 Rff2 36. h6 Rg2+ 37. Kf1 Bxg3 38. Qg5+ Ke8 39. Qg6+ Ke7
40. Qg7+ Ke8 1/2-1/2

[Event "DEM U12/U12w 2000"]
[Site "Überlingen GER"]
[Date "2000.06.09"]
[Round "9"]
[White "Herkt, Julia"]
[Black "Kulakov, Yurij"]
[Result "1/2-1/2"]
[Termination "normal"]
[Board "24"]
[WhiteElo "1015"]
[BlackElo "1338"]
[PlyCount "143"]
[EventCountry "GER"]
[EventRounds "11"]
[EventType "swiss"]
[EventDate "2000.06.03"]

1. d4 d5 2. c4 c6 3. c5 Nf6 4. Bg5 g6 5. Qc1 h6 6. Bf4 Bg7 7. Nf3 Nbd7 8. Ne5
Nxe5 9. Bxe5 O-O 10. e3 Bf5 11. Be2 Ne4 12. Bxg7 Kxg7 13. O-O Qc7 14. Nd2 e5
15. Nxe4 Bxe4 16. Qc3 exd4 17. exd4 Rae8 18. Rae1 Re7 19. Bd3 Rfe8 20. Bxe4
Rxe4 21. Rxe4 Rxe4 22. b4 Qf4 23. a3 Kh7 24. Rd1 Re2 25. f3 Qg5 26. g3 Qe3+ 27.
Qxe3 Rxe3 28. Kf2 Rxa3 29. Re1 Rb3 30. Re7 Rxb4 31. Rxf7+ Kg8 32. Rf4 Rb2+ 33.
Kg1 a5 34. Rf6 Kg7 35. Rd6 Rb4 36. Rd7+ Kf6 37. Rd6+ Kf5 38. g4+ Kg5 39. Kf2 h5
40. Kg3 Rxd4 41. f4+ Kh6 42. g5+ Kg7 43. Rd7+ Kf8 44. Rxb7 Rc4 45. Rb8+ Ke7 46.
Rb7+ Ke6 47. Rg7 Rc3+ 48. Kh4 Kf5 49. Rf7+ Ke4 50. Rf6 Rxc5 51. Rxg6 Kxf4 52.
Kxh5 d4 53. Rf6+ Ke5 54. Rf1 Ke6 55. Kh6 Rf5 56. Rxf5 Kxf5 57. g6 d3 58. g7 d2
59. g8=Q d1=Q 60. Qg6+ Ke5 61. Qe8+ Kf4 62. Qf7+ Ke3 63. Qe8+ Kf2 64. Qf7+ Qf3
65. Qa2+ Kg1 66. Qxa5 Qh3+ 67. Qh5 Kxh2 68. Qxh3+ Kxh3 69. Kg5 Kg3 70. Kf5 Kf3
71. Ke5 Ke3 72. Kd6 1/2-1/2

[Event "DEM U12/U12w 2000"]
[Site "Überlingen GER"]
[Date "2000.06.09"]
[Round "9"]
[White "Großmann, Susan"]
[Black "Rosenblatt, Marcus"]
[Result "1-0"]
[Termination "normal"]
[Board "25"]
[WhiteElo "1022"]
[BlackElo "1298"]
[PlyCount "51"]
[WhiteFideId "24608220"]
[BlackFideId "24627453"]
[EventCountry "GER"]
[EventRounds "11"]
[EventType "swiss"]
[EventDate "2000.06.03"]

1. e4 c5 2. d4 cxd4 3. c3 dxc3 4. Nxc3 Nc6 5. Nf3 e6 6. Bc4 d6 7. O-O a6 8. Qe2
Nf6 9. Rd1 Qc7 10. Be3 Be7 11. Rac1 O-O 12. Nd4 Nxd4 13. Bxd4 b5 14. Bb3 Qa5
15. e5 dxe5 16. Qxe5 Bd7 17. Qe3 b4 18. Bxf6 Bxf6 19. Rxd7 bxc3 20. bxc3 Rfd8
21. Rd3 Bg5 22. Rxd8+ Rxd8 23. f4 Be7 24. Kh1 Bc5 25. Qe5 Bd6 26. Qxa5 1-0

[Event "DEM U12/U12w 2000"]
[Site "Überlingen GER"]
[Date "2000.06.09"]
[Round "9"]
[White "Andok, Claus Michael"]
[Black "Varbelow, Richard"]
[Result "1-0"]
[Termination "normal"]
[Board "26"]
[WhiteElo "1217"]
[BlackElo "968"]
[PlyCount "61"]
[WhiteFideId "24602000"]
[EventCountry "GER"]
[EventRounds "11"]
[EventType "swiss"]
[EventDate "2000.06.03"]

1. d4 c6 2. c4 d5 3. cxd5 cxd5 4. Nc3 e6 5. a3 g6 6. Bf4 Nc6 7. e3 a6 8. Nf3
Bg7 9. Bd3 Nge7 10. O-O O-O 11. b4 Bd7 12. Na4 b6 13. Qb3 Nb8 14. Rac1 Ra7 15.
Rc2 Nf5 16. Rfc1 Bxa4 17. Qxa4 b5 18. Bxb5 Qb6 19. Bd3 Ne7 20. Rc7 Nec6 21.
Rxa7 Qxa7 22. Bd6 Rd8 23. Bc5 Qb7 24. Rb1 e5 25. Bf1 e4 26. Nd2 Na7 27. Bxa7
Qxa7 28. b5 Rd6 29. bxa6 Bf8 30. Rb7 Qa8 31. Qe8 1-0

[Event "DEM U12/U12w 2000"]
[Site "Überlingen GER"]
[Date "2000.06.09"]
[Round "9"]
[White "Schiwarth, Nino"]
[Black "Mader, Michael"]
[Result "1/2-1/2"]
[Termination "normal"]
[Board "27"]
[WhiteElo "1096"]
[BlackElo "949"]
[PlyCount "76"]
[BlackFideId "4696913"]
[EventCountry "GER"]
[EventRounds "11"]
[EventType "swiss"]
[EventDate "2000.06.03"]

1. e4 e5 2. Bc4 Nc6 3. a3 a5 4. Nc3 Bc5 5. d3 h6 6. f4 exf4 7. Bxf4 d6 8. Nf3
Nf6 9. Qe2 Bg4 10. h3 Nd4 11. Qd1 Bxf3 12. gxf3 Nh5 13. Be3 Nxc2+ 14. Qxc2 Bxe3
15. Qe2 Nf4 16. Qh2 Qh4+ 17. Kd1 Qf2 18. Qxf2 Bxf2 19. Nd5 Nxd5 20. Bxd5 c6 21.
Bc4 O-O 22. Rh2 Bd4 23. Rg2 b5 24. Ba2 Rfd8 25. Rc1 Rac8 26. Kc2 c5 27. Kb1 Rb8
28. Bd5 a4 29. Ka2 Rdc8 30. Re2 b4 31. Rc4 Rb6 32. f4 Rcb8 33. f5 bxa3 34. Kxa3
Bxb2+ 35. Ka2 a3 36. Ra4 Rb4 37. Ra7 Rf8 38. Rd7 Rb6 1/2-1/2

[Event "DEM U12/U12w 2000"]
[Site "Überlingen GER"]
[Date "2000.06.09"]
[Round "9"]
[White "Butschek, Tanja"]
[Black "Berner, Stephan"]
[Result "0-1"]
[Termination "normal"]
[Board "28"]
[WhiteElo "932"]
[BlackElo "1076"]
[PlyCount "118"]
[WhiteFideId "24604640"]
[BlackFideId "24613126"]
[EventCountry "GER"]
[EventRounds "11"]
[EventType "swiss"]
[EventDate "2000.06.03"]

1. e4 c6 2. d4 d5 3. Nc3 dxe4 4. Nxe4 Nd7 5. Bc4 Ngf6 6. Qf3 e6 7. Nxf6+ Nxf6
8. Ne2 Be7 9. O-O Qc7 10. Bf4 Qd7 11. c3 b6 12. Rad1 Bb7 13. Qg3 Nh5 14. Qg4
Nxf4 15. Nxf4 g6 16. Rfe1 Qc7 17. g3 O-O-O 18. Bxe6+ fxe6 19. Qxe6+ Rd7 20. d5
cxd5 21. Nxd5 Bxd5 22. Rxd5 Rhd8 23. Red1 Bc5 24. Rxd7 Rxd7 25. Qe8+ Rd8 26.
Rxd8+ Qxd8 27. Qxd8+ Kxd8 28. b4 Bf8 29. Kg2 b5 30. Kh3 Bg7 31. Kg4 Ke7 32. h4
Bxc3 33. h5 Kf6 34. f4 Be1 35. hxg6 hxg6 36. Kf3 Bxb4 37. g4 Bd6 38. Ke4 a5 39.
f5 gxf5+ 40. gxf5 b4 41. Kd5 a4 42. Kc4 Kxf5 43. Kd3 Ke5 44. Kc2 Kd4 45. Kb2
Kc4 46. Kc2 Be5 47. Kb1 Kc3 48. Kc1 b3 49. a3 Kd3 50. Kb1 Bd6 51. Kb2 Kd2 52.
Kb1 Bxa3 53. Ka1 Be7 54. Kb2 Kd3 55. Kb1 a3 56. Ka1 Bf6+ 57. Kb1 a2+ 58. Kc1
b2+ 59. Kd1 b1=R# 0-1

[Event "DEM U12/U12w 2000"]
[Site "Überlingen GER"]
[Date "2000.06.09"]
[Round "9"]
[White "Collmann, Jan"]
[Black "Tovmasian, Nelli"]
[Result "1-0"]
[Termination "normal"]
[Board "29"]
[WhiteElo "1076"]
[BlackElo "702"]
[PlyCount "97"]
[BlackFideId "24611735"]
[EventCountry "GER"]
[EventRounds "11"]
[EventType "swiss"]
[EventDate "2000.06.03"]

1. e4 e5 2. Nf3 Nc6 3. Bb5 a6 4. Bxc6 dxc6 5. O-O Bg4 6. h3 Bxf3 7. Qxf3 Nf6 8.
d3 h6 9. Qg3 Qd6 10. Nc3 Nh5 11. Qf3 Nf6 12. Ne2 g6 13. b3 Bg7 14. Bb2 Nd7 15.
Rad1 Qe6 16. d4 exd4 17. Bxd4 Bxd4 18. Rxd4 c5 19. Rd5 c6 20. Rd2 O-O-O 21. Qe3
f5 22. exf5 Qxf5 23. Rfd1 g5 24. Qc3 Rh7 25. Ng3 Qf8 26. Qd3 Rf7 27. Ne4 Kc7
28. Qd6+ Qxd6 29. Rxd6 b6 30. Rxh6 Rg7 31. Rdd6 Ne5 32. Rxd8 Kxd8 33. Re6 Nd7
34. Rxc6 g4 35. hxg4 Rxg4 36. Nf6 Nxf6 37. Rxf6 Kc7 38. f3 Rd4 39. g4 Rd2 40.
g5 Rxc2 41. g6 Rd2 42. g7 Rd8 43. Rf8 Rxf8 44. gxf8=Q Kc6 45. Qd8 Kb5 46. a3
Kc6 47. Qc8+ Kb5 48. Qd7+ Ka5 49. Qa4# 1-0